Proceedings of the American Society for Composites Twelfth Technical Conference : October 6-8, Dearborn Inn, Dearborn, Michigan (Record no. 61021)
[ view plain ]
| 000 -LEADER | |
|---|---|
| fixed length control field | 00767nam a22001937a 4500 |
| 003 - CONTROL NUMBER IDENTIFIER | |
| control field | NUST-PNEC |
| 005 - DATE AND TIME OF LATEST TRANSACTION | |
| control field | 20170116180712.0 |
| 008 - FIXED-LENGTH DATA ELEMENTS--GENERAL INFORMATION | |
| fixed length control field | 141015b xxu||||| |||| 00| 0 eng d |
| 020 ## - INTERNATIONAL STANDARD BOOK NUMBER | |
| International Standard Book Number | 1566766060 |
| 040 ## - CATALOGING SOURCE | |
| Transcribing agency | PNEC |
| 082 ## - DEWEY DECIMAL CLASSIFICATION NUMBER | |
| Classification number | 620.11805 GIB |
| 100 ## - MAIN ENTRY--PERSONAL NAME | |
| 9 (RLIN) | 590 |
| Personal name | Gibson, Ronald F. |
| 245 ## - TITLE STATEMENT | |
| Title | Proceedings of the American Society for Composites Twelfth Technical Conference : October 6-8, Dearborn Inn, Dearborn, Michigan |
| Statement of responsibility, etc. | American Society for Composites |
| 260 ## - PUBLICATION, DISTRIBUTION, ETC. | |
| Place of publication, distribution, etc. | Lancaster, Pa. : |
| Name of publisher, distributor, etc. | Technomic Pub. Co., |
| Date of publication, distribution, etc. | c1997. |
| 300 ## - PHYSICAL DESCRIPTION | |
| Extent | xix, 1198 p. : |
| Other physical details | ill. ; |
| Dimensions | 29 cm. |
| 500 ## - GENERAL NOTE | |
| General note | Includes Index http://www.amazon.com/s/ref=nb_sb_noss?url=search-alias%3Dstripbooks&field-keywords=1566766060+&rh=n%3A283155%2Ck%3A1566766060+ |
| 650 ## - SUBJECT ADDED ENTRY--TOPICAL TERM | |
| General subdivision | ME |
| 942 ## - ADDED ENTRY ELEMENTS (KOHA) | |
| Source of classification or shelving scheme | |
| Koha item type | Book |
| Withdrawn status | Lost status | Source of classification or shelving scheme | Damaged status | Not for loan | Permanent Location | Current Location | Shelving location | Date acquired | Source of acquisition | Cost, normal purchase price | Total Checkouts | Full call number | Barcode | Date last seen | Cost, replacement price | Price effective from | Koha item type |
|---|---|---|---|---|---|---|---|---|---|---|---|---|---|---|---|---|---|
| Pakistan Navy Engineering College (PNEC) | Pakistan Navy Engineering College (PNEC) | Reference | 05/04/2004 | Fair Book Centre | 7515.00 | 620.11805 GIB | PNECLIB-026555 | 10/15/2014 | 7515.00 | 05/04/2004 | Book |
